| 000 | 00759cam a22002291 4500 | ||
|---|---|---|---|
| 001 | l 54000145 | ||
| 003 | DLC | ||
| 005 | 20260227111544.0 | ||
| 008 | 740404s1954 xx 000 0 eng | ||
| 010 | _al 54000145 | ||
| 035 | _a(OCoLC)848828 | ||
| 040 |
_aDLC _cNhD _dDLC |
||
| 050 | 0 | 0 |
_aZ7963.E7 _bU475 |
| 110 | 1 |
_aUnited States. _bWomen's Bureau. |
|
| 245 | 1 | 0 |
_aBibliography on employment problems of older women; _bhiring restrictions, psychological barriers, work performance _c[by Jean A. Wells] |
| 260 |
_aWashington _b[U.S. Govt. Print. Off.] _c1954. |
||
| 300 |
_a89p. _c24cm. |
||
| 500 | _aCover title. | ||
| 504 | _aBibliography: p. 89. | ||
| 650 | 0 |
_aOlder women _xEmployment _vBibliography. |
|
| 700 | 1 |
_aWells, Jean A. _q(Jean Alice), _d1918- |
|
| 999 |
_c36855 _d36855 |
||